000 00298nam a2200121Ia 4500
005 20251222144747.0
008 251222s9999||||xx |||||||||||||| ||spa||
082 _a759.44/D39
100 _aDebré, Olivier
245 0 _aOlivier Debré:
264 _bMusée des Beaux-Arts d'Orléans
942 _cLIB
999 _c19192
_d19192